[Event "Berlin-ch Seniors op 26th"]
[Site "Berlin"]
[Date "2010.02.09"]
[Round "1"]
[White "Radloff, Rainer"]
[Black "Barwich, Alfred"]
[Result "0-1"]
[WhiteElo "1536"]
[BlackElo "1817"]
[PlyCount "138"]
[EventDate "2010.02.09"]
[EventType "swiss"]
[EventRounds "9"]
[EventCountry "GER"]
[SourceTitle "EXT 2012"]
[Source "ChessBase"]
[SourceDate "2011.11.24"]
[SourceVersion "1"]
[SourceVersionDate "2011.11.24"]
[SourceQuality "1"]

1. Nf3 g6 2. d4 Bg7 3. e3 e6 4. Bd3 Ne7 5. 0-0 0-0 6. Re1 d5 7. Nbd2 Nd7 8. c3 c5 9. Qe2 Nc6 10. Bc2 a6 11. Nb3 c4 12. Nbd2 b5 13. e4 Bb7 14. exd5 exd5 15. Nf1 Nf6 16. Bg5 Qc7 17. Bxf6 Bxf6 18. Qd2 Bg7 19. Re2 Rae8 20. Rae1 Rxe2 21. Rxe2 Nd8 22. Qe1 Ne6 23. Ne5 b4 24. g3 a5 25. f4 Bc8 26. Re3 Qb6 27. Bd1 bxc3 28. bxc3 f6 29. Nf3 Qd6 30. Bc2 f5 31. Ne5 Qb6 32. Bd1 Nxd4 33. cxd4 Qxd4 34. Kh1 Qc5 35. Nf3 d4 36. Re8 Bb7 37. Rxf8+ Kxf8 38. Qf2 Qa3 39. Kg1 Qc3 40. N1d2 Qa1 41. Qe2 d3 42. Qf1 Bd4+ 43. Nxd4 Qxd4+ 44. Qf2 Qxf2+ 45. Kxf2 c3 46. Ke1 c2 47. Bxc2 dxc2 48. Nb3 Bd5 49. Nc1 Be4 50. Kd2 Ke7 51. Kc3 Kd6 52. Kc4 Kc6 53. a3 a4 54. Kb4 Kd5 55. Kc3 Kc5 56. Na2 Bd5 57. Nc1 Bc4 58. Kxc2 Kd4 59. Kd2 Bb5 60. Na2 Kc4 61. Nc3 Bc6 62. Nb1 Kb3 63. Kc1 Be4 64. Nd2+ Kxa3 65. Nxe4 fxe4 66. g4 Kb3 67. f5 a3 68. Kb1 a2+ 69. Ka1 e3 0-1

[Event "Berlin-ch Seniors op 25th"]
[Site "Berlin"]
[Date "2009.02.20"]
[Round "9.31"]
[White "Barwich, Alfred"]
[Black "Krempelsetzer, Klaus"]
[Result "1-0"]
[WhiteElo "1888"]
[BlackElo "1765"]
[PlyCount "109"]
[EventDate "2009.02.12"]
[EventType "swiss"]
[EventRounds "9"]
[EventCountry "GER"]
[SourceTitle "EXT 2022"]
[Source "ChessBase"]
[SourceDate "2021.10.06"]
[SourceVersion "1"]
[SourceVersionDate "2021.10.06"]
[SourceQuality "1"]

1. d4 Nf6 2. c4 g6 3. Nc3 d5 4. Nf3 Bg7 5. h3 0-0 6. Bf4 c5 7. e3 cxd4 8. exd4 Nc6 9. Ne5 Be6 10. Nxc6 bxc6 11. c5 Qa5 12. Qd2 Nh5 13. Bh2 Bd7 14. a3 Rfe8 15. Be2 e5 16. dxe5 Bxe5 17. Bxe5 Rxe5 18. b4 Qc7 19. 0-0 Ng7 20. Bd3 Rae8 21. Rfe1 Bf5 22. Bf1 Bc8 23. Rad1 Qe7 24. Rxe5 Qxe5 25. Ne2 Ba6 26. Nd4 Bxf1 27. Rxf1 Qc7 28. Re1 Rxe1+ 29. Qxe1 Qd7 30. b5 cxb5 31. c6 Qc8 32. Qe5 Ne6 33. Nxe6 fxe6 34. Qd6 Kf7 35. c7 Ke8 36. f4 Qd7 37. Qc5 Qc8 38. Qxb5+ Ke7 39. Qc6 h6 40. h4 d4 41. Qc5+ Kd7 42. Qxd4+ Kxc7 43. Qxa7+ Kd6 44. Qd4+ Ke7 45. Qg7+ Kd6 46. Qe5+ Ke7 47. a4 Qc1+ 48. Kh2 Kf7 49. a5 Qd1 50. a6 Qg4 51. a7 Qxh4+ 52. Kg1 Qg4 53. a8Q Qd1+ 54. Kh2 g5 55. Qf3 1-0